00414 2200181 4500001002100000005001500021008004100036020001800077035001900095041000700114082000800121090001300129100002100142245001200163260002400175300001700199650001600216INLIS00000000000540120241224113107241224||||||||| | ||| |||| || |  a979-97468-4-0 0010-1224005401 aid0 a813 a813ARI W0 aIsman Arifiyanto00aWAJAHKU bPENERBITAMAJAc2003 a251HML,;18CM 0aKESUSASTRAN